FC Barcelona - Statistiques

Statistiques générales
  • Ce quiz a été pris 731 fois
  • Le résultat moyen est 11 sur 15
Answers on the Grid
Answers color-coded by a green-red scale on the quiz's grid according to % correct below.
Messi
Valbuena
Giroud
Griezmann
Busquet
Xavi
Xabi Alonso
R9
Cr7
Ibrahimovic
Bravo
Koke
Gameiro
Mathieu
Beckham
Pogba
Kluivert
Kopa
Umtiti
Pique
Maignan
Zidane
Lenglet
Todibo
Hernandez
Deschamps
Neymar jr
Suarez
Drogba
Mbappe
 
Statistiques - réponses
Réponse % Correct
Messi
98%
Griezmann
90%
Xavi
85%
Busquet
84%
Umtiti
77%
Ibrahimovic
76%
Pique
76%
Neymar jr
75%
Suarez
75%
Lenglet
72%
R9
70%
Mathieu
67%
Bravo
64%
Kluivert
61%
Todibo
52%
Aucun quiz correspondant
Distribution des résultats
% des personnes avec chaque résultat
Percentile par nombre de réponses
Votre historique - résultats
Vous n’avez pas pris ce quiz